Medical technology and costs of the Medicare program : summary.

Bibliographic Details
Corporate Authors: ProQuest (Firm), United States. Congress. Office of Technology Assessment
Format: Government Document eBook
Language:English
Published: Washington, D.C. : Congress of the U.S., Office of Technology Assessment, 1984]
Series:U.S. Congressional Research.
Subjects:
Online Access:Connect to the full text of this electronic book

MARC

Tag First Indicator Second Indicator Subfields
LEADER 00000cam a22000001a 4500
001 in00003280413
006 m d f
007 cr bn mmmapmmp
008 101011s1984 dcua o f000 0 eng d
005 20260429182848.7
035 |a cis2007814440 
040 |a LexisNexis  |c LexisNexis  |d UtOrBLW 
043 |a n-us--- 
074 |a 1070-M 
086 0 |a Y 3.T 22/2:2 M 46/6/sum. 
088 |a OTA-H-228 
099 |a CMP-1984-OTA-0040 
245 0 0 |a Medical technology and costs of the Medicare program :  |b summary. 
264 1 |a Washington, D.C. :  |b Congress of the U.S., Office of Technology Assessment,  |c 1984] 
300 |a 1 online resource. 
336 |a text  |b txt  |2 rdacontent 
337 |a computer  |b c  |2 rdamedia 
338 |a online resource  |b cr  |2 rdacarrier 
500 |a Record is based on bibliographic data in LexisNexis U.S. Congressional Research Digital Collection. Reuse except for individual research requires license from LexisNexis. 
500 |a Electronic resource. 
650 0 |a Medicare  |x Costs. 
655 7 |a Electronic books.  |2 local 
710 2 |a ProQuest (Firm) 
710 1 |a United States.  |b Congress.  |b Office of Technology Assessment. 
776 0 8 |i Print version:   |t Medical technology and costs of the Medicare program  |w gp 84023045  |w (OCoLC)11117831 
776 0 8 |i Microfiche version:   |t Medical technology and costs of the Medicare program   |d [Bethesda, Md.] : LexisNexis Academic & Library Solutions,1984.   |o CIS 84 J952-28  |w (LexisNexis)cis08401724 
830 0 |a U.S. Congressional Research. 
856 4 0 |u http://proxy.library.tamu.edu/login?url=https://congressional.proquest.com/congcomp/getdoc?CRDC-ID=CMP-1984-OTA-0040  |z Connect to the full text of this electronic book  |t 0 
998 |a cis08401724 
999 |a MARS 
999 f f |s db8fd786-7a0d-3283-a1be-f00058ed0c34  |i 1530a9ad-30dc-3d8c-9e73-36a69d78afc2  |t 0 
952 f f |a Texas A&M University  |b College Station  |c Electronic Resources  |s www_evans  |d Available Online  |t 0  |e CMP-1984-OTA-0040  |h Other scheme 
998 f f |a CMP-1984-OTA-0040  |t 0  |l Available Online